Estatísticas para Os 15 principais países com mortes por Covid19 - 26 de janeiro 2022

Clique aqui para jogar o quiz

Estatísticas Gerais

  • Esse quiz foi jogado 9 vezes
  • A pontuação média é 15 de 27

Estatísticas das Respostas

país% Correto
Alemanha
100%
Argentina
100%
Brasil
100%
Estados Unidos
100%
Itália
100%
Rússia
100%
Colômbia
86%
França
86%
Índia
86%
México
86%
Polônia
71%
Irão
57%
Peru
57%
Reino Unido
57%
Chéquia
43%
Indonésia
43%
Romênia
43%
Bósnia e Herzegovina
29%
Bulgária
29%
Croácia
29%
Eslováquia
29%
Eslovénia
29%
Hungria
29%
Lituânia
29%
Armênia
0%
Geórgia
0%
Macedónia do Norte
0%

Distribuição das Pontuações

Percentil de Números Respondidos

Porcentagem de Pessoas com Cada Pontuação

Sua Pontuação Histórica

Você não jogou esse quiz